Vplyv daňového zaťaženia na úroveň výkonnosti ekonomiky

Konsolidácia verejných financií ako možný nástroj riešenia hospodárskej krízy. Daňové zaťaženie fyzických osôb. Vplyv sadzby dane z príjmov.

Na minha lista:
Detalhes bibliográficos
Autor principal: Vassová, Adriana
Formato: Capítulo de Livro
Idioma:eslovaco
Assuntos:
Tags: Adicionar Tag
Sem tags, seja o primeiro a adicionar uma tag!

MARC

LEADER 00000nla a2200000 4500
001 0167902
005 20240502072928.1
041 0 |a slo 
044 |a SK 
245 1 0 |a Vplyv daňového zaťaženia na úroveň výkonnosti ekonomiky  |c Adriana Vassová 
520 |a Konsolidácia verejných financií ako možný nástroj riešenia hospodárskej krízy. Daňové zaťaženie fyzických osôb. Vplyv sadzby dane z príjmov. 
610 2 0 |a dane z príjmov 
610 2 0 |a politika daňová 
610 2 0 |a financie verejné 
610 2 0 |a konsolidácia 
100 1 |a Vassová, Adriana